000
00297nam a22001217a 4500
041
_a
ENG
100
_a
Patel.S.A
245
_a
Structural Mechanics With Introductions To Elasticity And Plasticty
260
_a
New York
_b
McGraw-Hill
_c
1970
300
_a
648
650
_a
FS (29)
856
_u
FS (29)
999
_c
3036
_d
3036